MARC

LEADER 00000nam0a2200000 4500
001 53003
005 20231031043825.0
010 |a 5804900250 
035 |a (RuTPU)RU\TPU\book\55581 
090 |a 53003 
100 |a 20030610d1999 m y0rusy50 ca 
101 0 |a rus 
102 |a RU 
105 |a y nz 000zy 
200 1 |a Комментарий к Федеральному закону "Об отходах производства и потребления"  |f Государственный комитет РФ по охране окружающей среды; Под ред. А. С. Яковлева 
210 |a СПб.  |a Москва  |c СПбиРАВ  |d 1999 
215 |a 89 с. 
610 1 |a право 
610 1 |a земельное право 
610 1 |a экологическое право 
610 1 |a окружающая среда 
610 1 |a охрана 
610 1 |a производство 
610 1 |a потребление 
610 1 |a отходы 
610 1 |a Российская Федерация 
686 |a Х625  |v LBC/SL-A  |2 rubbk 
702 1 |a Яковлев  |b А. С.  |4 340 
712 0 1 |a Российская Федерация  |b Государственный комитет по охране окружающей среды (Госкомэкология России)  |c (Москва)  |2 stltpush  |3 (RuTPU)RU\TPU\col\52 
801 1 |a RU  |b 63413507  |c 20030610  |g PSBO 
801 2 |a RU  |b 63413507  |c 20101129  |g PSBO 
942 |c BK